| 000 | 00623nam a22002172 4500 | ||
|---|---|---|---|
| 001 | 0000018463 | ||
| 005 | 20151217152128.0 | ||
| 008 | 091112s xx 000 0 eng d | ||
| 020 | _a354025644x : | ||
| 040 |
_aKABU _cKABU |
||
| 100 | 1 |
_aFriedrich, Harald. _@0000177732 |
|
| 245 | 1 | 0 |
_aTheoretical atomic physics / _cHarald Friedrich. |
| 250 | _a1st ed. | ||
| 260 |
_aNew York : _bSpringer, _c2006. |
||
| 300 | _axiv, 506 p. | ||
| 650 | 0 |
_aAtoms. _@0000087558 |
|
| 650 | 0 |
_aMathematical physics. _@0000153774 |
|
| 852 | 1 | _9p6124.40 KES | |
| 908 | _a091112 | ||
| 950 | _@1 | ||
| 999 |
_c8581 _d8581 |
||